000 00657cam a22002053a 4500
001 38469
003 PGUSA
005 20140828083841.0
008 120102s2012||||xxu|||||s|||||000 | eng d
040 _aPGUSA
_beng
042 _adc
100 1 _aGoodrich, Samuel G.
_q(Samuel Griswold),
_d1793-1860
245 1 4 _aThe Life of Benjamin Franklin :
_bIllustrated by Tales, Sketches, and Anecdotes
_h[electronic resource] /
_cSamuel G. Goodrich
260 _bProject Gutenberg,
_c2012
506 _aPublic domain in the USA.
516 _aElectronic text
830 0 _aProject Gutenberg
_v38469
856 4 0 _uhttp://www.gutenberg.org/ebooks/38469
942 _cEB
999 _c267723
_d267723